000 00366nam a2200133 a 4500
005 20140310183322.0
008 060307s19uu xx 00 eng d
020 _a0-312-96244-4
100 _aCoughlin, William J.
245 _aThe judgment /
_cWilliam J. Coughlin.
260 _aNew York :
_bSt. Martin's Paperbacks,
_cc1999.
300 _a424 p. ; cm.
942 _cBK
999 _c21418
_d21418